Szczegóły MARC21

Der Informationsaufbau in Erzählungen : eine sprachvergleichende Untersuchung des Japanischen, des Deutschen und des Englischen zum Einfluss von einzelsprachlichen Systemeigenschaften auf die makrostrukturelle Planung /

003 -Nazwa inst., której nr kontr. jest w polu 001 [,]
    • @
    • Nazwa instytucji, której n kontrolny jest w polu 001
    • NUKAT
005 -DATA I CZAS OSTATNIEJ MODYFIKACJI [,]
    • @
    • pole kontrolne
    • 20241231102753.0
020 -Międzynarod. znormalizowany nr książki - ISBN [ , ]
    • a
    • Numer ISBN
    • 9783891298657 Find
040 -Instytucja sporządzająca opis [ , ]
    • a
    • Instytucja, która sporządziła opis (NP)
    • SZCZ U/ML
    • b
    • Język katalogowania
    • pol
    • e
    • Zasady katalogowania
    • rda
    • c
    • Instytucja, która sporządziła rekord (NP)
    • SZCZ U/MLs
    • d
    • Instytucja, która zmodyfikowała rekord (P)
    • SZCZ U/JS
942 -Rodzaj dokumentu [ , ]
    • c
    • Rodzaj dokumentu
    • Książka
100 -Hasło główne - nazwa osobowa [1, ]
    • a
    • Nazwa osobowa (NP)
    • Tomita, Naoko.
    • e
    • Rodzaj współpracy
    • Autor
    • 9
    • KHW
    • 487923
245 -Strefa tytułu i oznaczenia odpowiedzialności [1,4]
    • a
    • Tytuł
    • Der Informationsaufbau in Erzählungen : Find
    • b
    • Ciąg dalszy tytułu (NP)
    • eine sprachvergleichende Untersuchung des Japanischen, des Deutschen und des Englischen zum Einfluss von einzelsprachlichen Systemeigenschaften auf die makrostrukturelle Planung / Find
    • c
    • Pozostałe elementy strefy tytułu i oznaczenia odpowiedzialności (NP)
    • Naoko Tomita.
260 -Strefa adresu wydawniczego [ , ]
    • a
    • Miejsce wydania (P)
    • München :
    • b
    • Nazwa wydawcy (P)
    • Iudicium Verlag,
    • c
    • Data wydania (P)
    • © 2008.
300 -Strefa opisu fizycznego [ , ]
    • a
    • Określenie formy książki i/lub objętość (NP)
    • 298 stron :
    • b
    • Oznaczenie ilustracji (NP)
    • ilustracje ;
    • c
    • Format (NP)
    • 21 cm.
336 -Typ zawartości [ , ]
    • a
    • Termin opisujący typ zawartości
    • Tekst
    • b
    • Kod określający zawartość
    • txt
    • 2
    • Źródło (terminu i kodu)
    • rdacontent
337 -Typ mediów [ , ]
    • a
    • Tryb odtwarzania
    • Bez urządzenia pośredniczącego
    • b
    • Kod typu mediów
    • n
    • 2
    • Źródło (terminu i kodu)
    • rdamedia
338 -Typ/rodzaj nośnika [ , ]
    • a
    • Hasło opisujące typ nośnika
    • Wolumin
    • b
    • Kod typu nośnika
    • nc
    • 2
    • Źródło (terminu i kodu)
    • rdacarrier
490 -Strefa serii i książki wielotomowej - forma nie do wyszukiwania [1, ]
    • a
    • Tytuł (P)
    • Schriftenreihe des Instituts für Deutsch als Fremdsprachenphilologie ; Find
    • v
    • Numeracja (P)
    • Bd. 5
830 -Hasło dodatkowe serii i opisu książki wielotomowej - tytuł ujednolicony/tytuł [ ,0]
    • a
    • Tytuł ujednolicony/tytuł (NP)
    • Schriftenreihe des Instituts für Deutsch als Fremdsprachenphilologie
    • v
    • Oznaczenie tomu (NP)
    • Bd. 5
    • 9
    • KHW
    • 465128
500 -Uwaga ogólna [ , ]
    • a
    • Uwaga ogólna (NP)
    • Die Drucklegung dieser Arbeit wurde gefördert vom Förderverein des Instituts für Deutsch als Fremsprachenphilologie.
504 -Uwaga dot. bibliogr. załącznikowej [ , ]
    • a
    • Uwaga dot. bibliografii załącznikowej
    • Bibliografia na stronach 285-298.
650 -Hasło przedmiotowe [ ,7]
    • a
    • Hasło przedmiotowe
    • Analiza lingwistyczna.
    • 2
    • Źródło terminu
    • kaba
    • 9
    • KHW
    • 101256
650 -Hasło przedmiotowe [ ,7]
    • a
    • Hasło przedmiotowe
    • Język japoński.
    • 2
    • Źródło terminu
    • kaba
    • 9
    • KHW
    • 113241
650 -Hasło przedmiotowe [ ,7]
    • a
    • Hasło przedmiotowe
    • Język niemiecki.
    • 2
    • Źródło terminu
    • kaba
    • 9
    • KHW
    • 113309
650 -Hasło przedmiotowe [ ,7]
    • a
    • Hasło przedmiotowe
    • Język angielski.
    • 2
    • Źródło terminu
    • kaba
    • 9
    • KHW
    • 113010
710 -Hasło dodatkowe - nazwa ciała zbiorowego [2, ]
    • a
    • Nazwa ciała zbiorowego lub nazwa geograficzna jako pierwszy element (NP)
    • Iudicium Verlag.
    • e
    • Rodzaj współpracy
    • Wydawca
    • 4
    • Kod relacji
    • pbl
    • 9
    • KHW
    • 348591
920 -ISBN [ , ]
    • a
    • ISBN
    • 978-3-89129-865-7 Find
Status udost. Sygnatura Data inwentaryzacji Lokalizacja Numer inwentarzowy
-3Germ. Lingwistyka tekstu 022019-01-23BMG.19643